The fisheries and fishery industries of the United States. (Record no. 23246)

MARC details
000 -LEADER
fixed length control field 01956cam a22002651 4500
001 - CONTROL NUMBER
control field f 20000035
003 - CONTROL NUMBER IDENTIFIER
control field DLC
005 - DATE AND TIME OF LATEST TRANSACTION
control field 20260227111248.0
008 - FIXED-LENGTH DATA ELEMENTS--GENERAL INFORMATION
fixed length control field 770707m18841887dcudf f000 0 eng c
010 ## - LIBRARY OF CONGRESS CONTROL NUMBER
LC control number f 20000035
035 ## - SYSTEM CONTROL NUMBER
System control number (OCoLC)3097807
040 ## - CATALOGING SOURCE
Original cataloging agency U.S. Bureau of Fish. Library
Transcribing agency TxShA
Modifying agency OCoLC
-- DLC
042 ## - AUTHENTICATION CODE
Authentication code premarc
050 00 - LIBRARY OF CONGRESS CALL NUMBER
Classification number SH221
Item number .G59
100 1# - MAIN ENTRY--PERSONAL NAME
Personal name Goode, G. Brown
Fuller form of name (George Brown),
Dates associated with a name 1851-1896.
245 14 - TITLE STATEMENT
Title The fisheries and fishery industries of the United States.
Statement of responsibility, etc. Prepared through the co-operation of the commissioner of fisheries and the superintendent of the tenth census by George Brown Goode ... and a staff of associates ...
260 ## - PUBLICATION, DISTRIBUTION, ETC.
Place of publication, distribution, etc. Washington,
Name of publisher, distributor, etc. Govt. Print. Off.,
Date of publication, distribution, etc. 1884-87.
300 ## - PHYSICAL DESCRIPTION
Extent 8 v. in 7.
Other physical details plates, charts.
Dimensions 28 cm.
500 ## - GENERAL NOTE
General note At head of title: U.S. Commission of Fish and Fisheries.
500 ## - GENERAL NOTE
General note Commonly known as the Goode report.
505 1# - FORMATTED CONTENTS NOTE
Formatted contents note sec. I. Natural history of useful aquatic animals by G.B. Goode, J.A. Allen, H.W. Elliot, F.W. True, E. Ingersoll, J.A. Ryder, R. Rathbun. 2 v.--sec. II. A geographical review of the fisheries industries and fishing communities for the year 1880, by R.E. Earll, W.A. Wilcox, A.H. Clark, F. Mather, J.W. Collins, M. McDonald, S. Stearns, D.S. Jordan, F.W. True.--sec. III. The fishing grounds of North America, by R. Rathbun, J.W. Collins, D.S. Jordan, T.H. Bean, L. Kumlien, F.W. True.--sec. IV. The fishermen of the United States, by G.B. Goode, J.W. Collins.--sec. V. History and methods of fisheries, by G.B. Goode, J.W. Collins, N.P. Scudder, T.H. Bean, A.H. Clark, R.E. Earll, S. Stearns, F.W. True, M. McDonald, W.A. Wilcox, C.G. Atkins, D.S. Jordan, C.H. Gilbert, L. Kumlien, A.H. Clark, J.T. Brown, H.W. Elliot, J.H. Swan, E. Ingersoll, R. Rathbun. 3 v.
650 #0 - SUBJECT ADDED ENTRY--TOPICAL TERM
Topical term or geographic name entry element Fisheries
Geographic subdivision United States.
710 1# - ADDED ENTRY--CORPORATE NAME
Corporate name or jurisdiction name as entry element United States.
Subordinate unit Bureau of Fisheries.
740 0# - ADDED ENTRY--UNCONTROLLED RELATED/ANALYTICAL TITLE
Uncontrolled related/analytical title Goode report on the fisheries and fishery industries of the United States.

No items available.

Powered by Koha